České trestní právo hmotné a procesní v evropském právním prostředí (vybrané problémy)
Guardado en:
| Autor principal: | |
|---|---|
| Autor Corporativo: | |
| Formato: | Libro |
| Lenguaje: | checo |
| Publicado: |
Brno
Masarykova univerzita
2009
|
| Colección: | Spisy Právnické fakulty Masarykovy univerzity
svazek č. 355 |
| Materias: | |
| Etiquetas: |
Sin Etiquetas, Sea el primero en etiquetar este registro!
|
MARC
| LEADER | 00000nam$a2200000$$$4500 | ||
|---|---|---|---|
| 001 | 0114652 | ||
| 005 | 20240313085642.0 | ||
| 020 | |a 978-80-210-4982-6 | ||
| 041 | 0 | |a cze | |
| 044 | |a CZ | ||
| 245 | 1 | 0 | |a České trestní právo hmotné a procesní v evropském právním prostředí |b (vybrané problémy) |c Vladimír Kratochvíl |
| 264 | 1 | |a Brno |b Masarykova univerzita |c 2009 | |
| 300 | |a 184 s. | ||
| 490 | 1 | |a Spisy Právnické fakulty Masarykovy univerzity |v svazek č. 355 | |
| 830 | 0 | |a Spisy Právnické fakulty Masarykovy univerzity |v svazek č. 355 | |
| 610 | 2 | 0 | |a právo trestné |
| 610 | 2 | 0 | |a právo trestné medzinárodné |
| 610 | 2 | 0 | |a právo procesné medzinárodné |
| 610 | 2 | 0 | |a zmluvy medzinárodné |
| 610 | 2 | 0 | |a Česko |
| 610 | 2 | 0 | |a Európska únia |
| 100 | 1 | |a Kratochvíl, Vladimír | |
| 710 | 2 | |a Masarykova univerzita v Brně. Právnická fakulta | |